| 000 | 00796cam a2200313 i 4500 | ||
|---|---|---|---|
| 001 | 0000642 | ||
| 003 | DO-SdBNP | ||
| 005 | 20171110092012.0 | ||
| 007 | 0000642 | ||
| 008 | 100514s 2011 pe a | 000 f spa | ||
| 015 | _a | ||
| 017 |
_a _b |
||
| 020 | _a9789972233654 | ||
| 035 | _a | ||
| 040 |
_aBPMSU _bspa _cBPMSU _e |
||
| 080 | _a | ||
| 082 | 4 |
_a613.2 _bD565s |
|
| 245 | 0 | 0 |
_aDietas sanas: _btratamientos y recomendaciones para diversas enfermedades |
| 260 |
_aLima, Peru : _bMirbet, _c2011. |
||
| 300 |
_a135 p.: _c22 cm |
||
| 504 | _aBibliografía p: 135 | ||
| 650 | 4 | _aDIETAS | |
| 650 | 4 | _aNUTRICIÓN | |
| 650 | 4 | _aDIETOTERAPIA | |
| 910 | _aValidado. Control de calidad MFF | ||
| 942 |
_2ddc _cBK |
||
| 945 | _aInventariado, 2017/MFF | ||
| 956 |
_aYLOCKWARD _810 _cBPMSU |
||
| 999 |
_c11276 _d11276 |
||